000 00682cam a22002411a 4500
001 20634
003 BD-RjUL
005 20211209000606.0
008 140301s1966 nyu 000 1 eng
035 _a(BD-RjUL)20696
035 _a(OCoLC)644224
040 _aDLC
_cOAsC
_dOCoLC
_dTxU-Hu
_dDLC
_dBD-RjUL
_beng
041 _aeng
082 _a823
_bJAB 1966
100 1 _aJacobson, Dan,
_d1929-
_963670
245 1 4 _aThe beginners /
_cDan Jacobson.
260 _aNew York :
_bMacmillan,
_cc1966.
300 _a469 p. ;
_c22 cm.
650 0 7 _2SLSH
_a South African fiction (English).
_963671
942 _2ddc
_cBK
999 _c20634
_d20634